|
|
|
|
| LEADER |
01142nam a2200241 i 4500 |
| 003 |
GR-PaULI |
| 005 |
20210119100544.0 |
| 008 |
210119s2011 gr ||||| |||| 00| 0 eng d |
| 952 |
|
|
|0 0
|1 0
|2 ddc
|4 0
|6 853_914000000000000_SCA
|7 0
|9 319418
|a LISP
|b LISP
|c DON
|d 2021-01-19
|e ΓΑΛ
|i 142690
|l 0
|o 853.914 SCA
|p 025000268900
|r 2021-01-19 00:00:00
|t 1
|w 2021-01-19
|y BKN
|
| 999 |
|
|
|c 181311
|d 181311
|
| 020 |
|
|
|a 9786900352580
|
| 040 |
|
|
|a GR-PaULI
|b gre
|c GR-PaULI
|e AACR2
|
| 041 |
|
|
|a gre
|k ita
|
| 082 |
0 |
4 |
|2 23
|a 853.914
|
| 100 |
1 |
|
|9 185011
|a Sciascia, Leonardo,
|d 1921-1989.
|e συγγραφέας
|
| 245 |
1 |
3 |
|a Το πρωτόκολλο της Αιγύπτου :
|b μυθιστόρημα /
|c Λεονάρντο Σάσα ; μετάφραση απο τα ιταλικά Ανταίος Χρυσοστομίδης.
|
| 260 |
|
|
|a Αθήνα:
|b Καστανιώτης,
|c 2011.
|
| 300 |
|
|
|a 197 σ.;
|c 21 εκ.
|
| 490 |
1 |
|
|a Εικοστός αιώνας / Καστανιώτης
|
| 765 |
0 |
8 |
|i Μετάφραση του:
|t Il consiglio d' Egito
|
| 830 |
|
0 |
|9 184107
|a Εικοστός αιώνας (Καστανιώτης)
|
| 942 |
|
|
|2 ddc
|c BKN
|
| 998 |
|
|
|c ΣΑΤΛΑΝΗΣ
|d 2021-01
|